Most Populous Cities in the American South - Statistics

General Stats
  • This quiz has been taken 674 times
    651 since last reset
  • The average score is 30 of 50
Answer Stats
Regional Ranking National Ranking State Located In Answer % Correct
3. #9 Texas Dallas
98%
1. #4 Texas Houston
97%
15. #44 Florida Miami
97%
4. #11 Texas Austin
95%
13. #40 Georgia Atlanta
92%
11. #27 Oklahoma Oklahoma City
92%
2. #7 Texas San Antonio
92%
18. #51 Louisiana New Orleans
91%
10. #25 Tennessee Nashville
90%
5. #13 Florida Jacksonville
89%
6. #16 North Carolina Charlotte
87%
9. #20 Tennessee Memphis
87%
23. #77 Florida Orlando
87%
19 #53 Florida Tampa
86%
14. #43 North Carolina Raleigh
83%
8. #19 Texas El Paso
82%
35. #99 Virginia Richmond
79%
33. #93 Louisiana Baton Rouge
77%
36. #101 Alabama Birmingham
76%
7. #17 Texas Fort Worth
76%
16. #47 Oklahoma Tulsa
74%
12. #39 Virginia Virginia Beach
73%
39. #111 Alabama Montgomery
68%
41. #118 Arkansas Little Rock
61%
20. #60 Texas Corpus Christi
58%
17. #50 Texas Arlington
57%
44. #122 Alabama Mobile
57%
27. #82 North Carolina Durham
52%
21. #68 North Carolina Greensboro
52%
45. #125 Florida Tallahassee
52%
26. #81 Virginia Norfolk
50%
24. #78 Florida St. Petersburg
49%
28. #84 Texas Lubbock
48%
48. #128 Tennessee Knoxville
46%
43. #120 Texas Amarillo
43%
29 #86 North Carolina Winston-Salem
40%
42. #119 Georgia Augusta
38%
25. #80 Texas Laredo
38%
22. #70 Texas Plano
37%
40. #113 Louisiana Shreveport
36%
50. #131 Texas Brownsville
33%
46. #126 Alabama Huntsville
29%
32. #91 Virginia Chesapeake
26%
38. #110 Georgia Columbus
26%
31. #89 Florida Hialeah
26%
49 #130 Virginia Newport News
25%
37. #106 North Carolina Fayetteville
24%
34. #94 Texas Irving
23%
30 #88 Texas Garland
19%
47. #127 Texas Grand Prairie
11%
No matching quizzes found
Score Distribution
Percent of People with Each Score
Percentile by Number Answered
Your Score History
You have not taken this quiz since the last reset